000 00246nam a2200097Ia 4500
001 968679
005 20250826220348.0
008 250824s9999 xx 000 0 und d
245 0 _aNE YAPMALI
_cOKTAY SİNANOĞLU
260 _bBİLİM-GÖNÜL YAYINLARI
999 _c968679
_d968679